Expenditure allocation and welfare returns to government: a suggested model (Record no. 61101)

000 -LEADER
fixed length control field 01240pab a2200169 454500
008 - FIXED-LENGTH DATA ELEMENTS--GENERAL INFORMATION
fixed length control field 180718b2004 xxu||||| |||| 00| 0 eng d
100 ## - MAIN ENTRY--PERSONAL NAME
Personal name Dholakia, Archana R.
245 ## - TITLE STATEMENT
Title Expenditure allocation and welfare returns to government: a suggested model
260 ## - PUBLICATION, DISTRIBUTION, ETC.
Date of publication, distribution, etc. 2004
300 ## - PHYSICAL DESCRIPTION
Extent p.2386-394.
362 ## - DATES OF PUBLICATION AND/OR SEQUENTIAL DESIGNATION
Dates of publication and/or sequential designation 5 Jun
520 ## - SUMMARY, ETC.
Summary, etc. A model of government expenditure allocation among sectors is developed and its application is illustrated through the data on major Indian states from 1971 to 1991. It is argued that, at the margin, changes in expenditure allocation are determined not by the magnitude of marginal productivities of the government effort, but by the behaviour of marginal returns in relative terms. Nine indicators from education, health, nutrition and other social sectors measure the index of basic welfare as the output of government efforts. Revenue and capital expenditures of state governments on the economic (physical capital) sectors and social (human capital) sectors are considered over two decades - 1971-81 and 1981-91 to examine the stability of the coefficients. - Reproduced.
650 ## - SUBJECT ADDED ENTRY--TOPICAL TERM
Topical term or geographic name entry element Public expenditure
700 ## - ADDED ENTRY--PERSONAL NAME
Personal name Dholakia, Ravindra H.
773 ## - HOST ITEM ENTRY
Main entry heading Economic and Political Weekly
909 ## -
-- 61101
Holdings
Withdrawn status Lost status Damaged status Not for loan Permanent Location Current Location Date acquired Serial Enumeration / chronology Barcode Date last seen Price effective from Koha item type
        Indian Institute of Public Administration Indian Institute of Public Administration 2018-07-19 Volume no: 39, Issue no: 23 AR61547 2018-07-19 2018-07-19 Articles

Powered by Koha